Building the Japanese house today

Bibliographic Details
Main Author: Rao, Peggy Landers
Other Authors: Brackett, Aya
Format: Book
Published: New York : Harry N. Abrams, Inc , 2005
Subjects:

MARC

LEADER 00000cam a2200000 7i4500
001 0000014779
005 20080306.0
008 080306
020 |a 0810959313 
090 0 0 |a 728.370952   |b RAO 
100 1 |a Rao, Peggy Landers 
245 1 0 |a Building the Japanese house today   |c by Peggy Landers Rao and Len Brackett ; photographs by Aya Brackett 
260 |a New York :   |b Harry N. Abrams, Inc ,   |c 2005 
650 0 |a Architecture, Domestic   |z Japanese   |z United States 
650 0 |a Architecture, Domestic   |z United States   |x Japanese influences 
650 0 |a Architecture   |z United States   |x 21st century 
700 1 |a Brackett, Aya 
999 |a 0001013957   |b Book   |c REFERENCE   |e Perbadanan Perpustakaan Awam Johor